Adjectives in Books Quiz Stats

Quiz Updated Nov 7, 2014

Challenge
Share
Tweet
Embed
Score 0/30 Timer 03:00
2 Plays Today
% Correct
Three
94.4%
Great
94.4%
Eighty
94.1%
Little
91.7%
Deathly
91.4%
Old
90.4%
Divine
87.6%
Secret
86.4%
Brief
86.2%
Freaky
85.6%
Traveling
84%
Cold
83.2%
American
83.1%
Invisible
81.2%
Red
81%
% Correct
Young
80.9%
Merry
77.9%
Lovely
77.4%
Big
72.9%
Lonely
66.8%
Curious
64.4%
Native
63.6%
True
62.9%
Blind
57.5%
Strange
57%
Wide
55.7%
Electric
54%
Peculiar
52.7%
Magic
51.3%
Separate
51.2%

You're not logged in!

Compare scores with friends on all Sporcle quizzes.
Sign Up with Email
OR
Log In

You Might Also Like...

Show Comments

Extras

Top Quizzes Today


Score Distribution

Your Account Isn't Verified!

In order to create a playlist on Sporcle, you need to verify the email address you used during registration. Go to your Sporcle Settings to finish the process.